Rural electrification news : a summary of rural electrification activities, vol. 8, no. 6, Feb. 1943.

Bibliographic Details
Format: Government Document eBook
Language:English
Published: [Washington] : [s.n.], 1943.
Subjects:
Online Access:Electronic resource (PDF)

MARC

Tag First Indicator Second Indicator Subfields
LEADER 00000cam a22000001i 4500
001 in00003966721
006 m d f
007 cr bn mmmapmmp
008 430106s1943 dcu o f000 0 eng d
005 20250211000813.0
035 |a ebd1940010045 
040 |a UMI  |c UMI  |e rda  |d UtOrBLW 
086 0 |a A 68.9:8/6 
099 |a A68.9..8_6 
110 1 |a United States.  |b Rural Electrification Administration,  |e issuing body.  |0 http://id.loc.gov/authorities/names/n79147945 
245 1 0 |a Rural electrification news :  |b a summary of rural electrification activities, vol. 8, no. 6, Feb. 1943. 
264 1 |a [Washington] :  |b [s.n.],  |c 1943. 
300 |a 1 online resource (24 pages), digital, PDF file 
336 |a text  |b txt  |2 rdacontent 
337 |a computer  |b c  |2 rdamedia 
338 |a online resource  |b cr  |2 rdacarrier 
533 |a Electronic reproduction.  |b [Bethesda, Md.] :  |c ProQuest,  |d 2017  |e digital, PDF file.  |n ProQuest U.S. Executive Branch Documents  |n Mode of access: World Wide Web via ProQuest website. 
588 |a Record is based on online resource; title from PDF title page (ProQuest, last viewed Apr. 2017). Reuse except for individual research requires license from ProQuest, LLC. 
650 0 |a Rural electrification.  |0 http://id.loc.gov/authorities/subjects/sh85115910 
650 0 |a Water-power.  |0 http://id.loc.gov/authorities/subjects/sh85145596 
856 4 0 |u http://proxy.library.tamu.edu/login?url=http://congressional.proquest.com/congressional/docview/t66.d71.a68.9..8_6?  |y Electronic resource (PDF)  |t 0 
999 f f |s a86327b3-85b8-3412-9c29-34e8a1958c1f  |i ceacb07e-151d-3757-adaf-1fe5845ed539  |t 0 
952 f f |a Texas A&M University  |b College Station  |c Electronic Resources  |d Available Online  |t 0  |h No information provided 
998 f f |t 0  |l Available Online